Levitt on marketing

Αποθηκεύτηκε σε:
Λεπτομέρειες βιβλιογραφικής εγγραφής
Μορφή: Βιβλίο
Γλώσσα:English
Δημοσίευση: U.S.A : A harvard business review paperback, 1991
Θέματα:
Ετικέτες: Προσθήκη ετικέτας
Δεν υπάρχουν, Καταχωρήστε ετικέτα πρώτοι!

MARC

LEADER 00000nam a2200000 i 4500
001 1/22984
008 960711s1991 eng d
020 |a 0-87584-284-4 
035 |l 10021999 
040 |a GR-MY-UA  |b gre  |e aacr 
041 0 |a eng 
082 0 |a 658.8 
245 1 0 |a Levitt on marketing 
260 |a U.S.A :   |b A harvard business review paperback,   |c 1991 
300 |a 112 p. 
650 0 0 |a Marketing  |x Management. 
852 |a INST  |b CHIOS  |e 19960711  |h 658.8 LEV  |p 005200004069  |q 005200004069  |t BK  |y 0 
909 |a Χ  |b 023416